LDR 00797naa#a2200169#i#450# 001 RU\\bibl\120983 005 20260705154035.7 011 ## _a2073-0454 100 ## _a20251015b2025####ek#y0rusy0150####ca 102 ## _aRU 200 1# _aСредства измерения, меры и весы по законодательству Российской империи XIX — начала XX вв. _eЖурнальная статья 210 1# _aМосква _cМосковский университет МВД России имени В.Я. Кикотя _d2025 215 ## _a7 с. 608 ## _aЖурнальная статья _2local 675 ## _aИсторические типы и системы права. 340.15 _z 700 #1 _aКовалева _gНаталья Витальевна 856 4# _amosumvd.editorum.ru _u